Loading...
| Science - Biology | 0 | 3 | 0 | 1 | 30 | 68 | 80.33 | 0 | 1 | 0.00 | 0.00 |
| Science - Physics | 0 | 2 | 0 | 1 | 20 | 90 | 95.50 | 0 | 0 | 0.00 | 0.00 |
| Religion | 0 | 2 | 0 | 1 | 20 | 61 | 92.50 | 1 | 1 | 0.00 | 0.00 |
| Science - Chemistry | 0 | 2 | 1 | 0 | 15 | 50 | 77.00 | 0 | 1 | 0.00 | 0.00 |
| Painting/Sculpture | 0 | 1 | 0 | 0 | 10 | 79 | 79.00 | 0 | 0 | 0.00 | 0.00 |
| Pop Culture | 0 | 1 | 0 | 0 | 10 | 57 | 57.00 | 0 | 1 | 0.00 | 0.00 |
| Social Science | 0 | 1 | 0 | 1 | 10 | 105 | 105.00 | 0 | 0 | 0.00 | 0.00 |
| History - European | 0 | 1 | 0 | 0 | 10 | 42 | 42.00 | 0 | 0 | 0.00 | 0.00 |
| History - Other | 0 | 1 | 0 | 0 | 10 | 55 | 55.00 | 1 | 1 | 0.00 | 0.00 |
| Mythology | 0 | 1 | 0 | 0 | 10 | 46 | 46.00 | 0 | 1 | 0.00 | 0.00 |
| Current Events | 0 | 1 | 0 | 1 | 10 | 108 | 108.00 | 0 | 0 | 0.00 | 0.00 |
| Literature - British | 0 | 0 | 1 | 0 | -5 | 0.00 | 0 | 0 | 0.00 | 0.00 | |
| Literature - World | 0 | 0 | 1 | 0 | -5 | 0.00 | 0 | 0 | 0.00 | 0.00 | |
| Science - Other | 0 | 0 | 2 | 0 | -10 | 0.00 | 0 | 0 | 0.00 | 0.00 |